000 00783nas a2200253 4500
001 BR9212783
003 BR-BrBNA
005 20231205094758.0
007 ta
008 230509b bl.|||p| |||| 00| 00por d
040 _aBR-BrBNA
_bpor
_cBiblioteca Nacional de Agricultura
041 _a(Pt)
072 _aL70
100 1 _aFigueiredo, M.B.
100 1 _aNamekata, T.
245 1 _aAscochyta phaseolorum Sacc. e outros fungos do genero Ascochyta. 1 - Sorologia e sua aplicacao na sistematica
650 _aPlanta
650 _aFungo
650 _aDoenca de Planta
650 _aSoro
773 0 _tArquivos do Instituto Biologico (Brazil)
_xISSN 0020-3653
_g(Apr-Jun 1974), v. 41(2) p. 67-93
_wBR9212783
909 _a202311
_bLúcia
_c55
_dLúcia Elande
942 _2AGRIS
_n0
_cANA
999 _c146787
_d146787